000 02620cam a22003975a 4500
005 20090707074437.0
008 090422s2009 ii a b 100 0 eng
010 _aB-362839-845
020 _a9788129113887
_c395.00
035 _aB-362839-845
037 _bUBH
040 _adpl
_bEnglish
082 _a828
245 _aThe Indian night :
_bsleep and dreams in Indian culture /
_cedited by Claudine Bautze-P̣icṛon
260 _aNew Delhi
_bRupa & Co.
_c2009
270 _a7/16, Ansari Road, Daryaganj
_bNew Delhi
_e110002
300 _axv, 661 p. :
_bill.
_c23 cm.(pbk)
500 _aIncludes bibliographical references.
520 _aTranscript of papers presented in a seminar held at the University of Paris--3, Sorbonne Nouvelle in april 5-7, 2004 on the topic sleep and dreams in the Indian world, comparative enlightenments.
546 _aIn English; includes passages in French and Sanskrit
_b(Sanskrit in roman).
650 _aDreams
_zIndia
_vCongresses.
650 _aDream interpretation
_zIndia
_vCongresses.
650 _aDreams in literature
_vCongresses.
650 _aSleep
_vFolklore
_vCongresses.
651 _aIndia
_xCivilization
_vCongresses.
700 _aBautze-Picron, Claudine
942 _2ddc
_cEN
_mIND
_h828
999 _c29421
_d29421